000 00503nam a2200181 i 4500
001 40397
003 ES-MaACL
005 20250522063043.0
007 t|
008 030306s1972 sp ||||1| spa d
100 1 _aCarnicer, Ramón,
_d1912-2007
_935377
245 1 0 _aTambién murió Manceñido /
_cRamón Carnicer.
250 _a[1ª ed.].
260 _aBarcelona :
_bSeix Barral,
_c1972.
300 _a253 p. ;
_c20 cm.
852 _aES-MaACL
_jC-51751
_bR.83922
999 _c40397
_d40397